| 000 | 01118nam a2200241 a 4500 | ||
|---|---|---|---|
| 001 | BRCA_1458 | ||
| 005 | 20190320203434.0 | ||
| 008 | 070905s1993----mx-#---###---#000-0#spa-# | ||
| 020 | _a9686120262 (Obra completa) | ||
| 050 | 4 |
_aF1201 _b.M84 1993 |
|
| 100 | 1 |
_aMühlenpfordt, Eduard _94770 |
|
| 245 | 1 | 0 |
_aEnsayo de una fiel descripción de la Republica de México _breferido especialmente a su geografía, etnografía y estadística _cEduard Mühlenpfordt ; traducción y nota preliminar de Jose Enrique Covarrubias ; edición a cargo de Teresa Segovia. |
| 260 |
_aMéxico _bBanco de México _c1993 |
||
| 300 |
_a2 v. _c21 cm. |
||
| 500 | _aFacsímil de: Versuch einer getreven schilderung der Repúblik Mexico. Hannover : Verlag von C.F. Kius, 1844 | ||
| 500 | _a2do. ejemplar en el Área de Investigación | ||
| 505 | 0 | _aContenido: v.1. Visión general del país. -- v.2. Descripción de cada uno de los Estados | |
| 651 | 4 |
_aMéxico _xDescripción y viajes _9103 |
|
| 653 | 0 | _aViajeros extranjeros en México | |
| 700 | 1 |
_aSegovia, Teresa _94771 |
|
| 700 | 1 |
_aCovarrubias, Jose Enrique _94772 |
|
| 942 |
_2lcc _cB |
||
| 999 |
_c1320 _d1320 |
||